00438cam a2200133 450000500170000000800410001705000220005810000300008024500650011025000110017526000630018630000190024965000360026820251014115601.0251014b ag |||||||| |||| 00| 0 spa d 4aKHA409 bA24 19801 aAbelenda, César Augusto10aDerecho civilb: parte general c / César Augusto Abelanda a1a ed. aBuenos Aires :bAstrea de Alfredo y Ricardo Depalma,c1980 a2 v. ;c23 cm. 72lembaDerecho civil xArgentina